[Event "NED-ch U11"]
[Site "Waalwijk"]
[Date "2012.04.06"]
[Round "4"]
[White "Willemse, Nathaniel"]
[Black "Tang, Charlie1111"]
[Result "1/2-1/2"]
[WhiteElo "945"]
[BlackElo "1061"]
[PlyCount "126"]
[EventDate "2012.04.06"]
[EventType "swiss"]
[EventRounds "9"]
[EventCountry "NED"]
[SourceTitle "EXT 2013"]
[Source "ChessBase"]
[SourceDate "2012.11.22"]
[SourceVersion "1"]
[SourceVersionDate "2012.11.22"]
[SourceQuality "1"]

1. e4 e5 2. Nf3 Nc6 3. Nc3 Nf6 4. Bc4 Bc5 5. 0-0 0-0 6. d3 h6 7. Be3 Bb6 8. h3 d6 9. Qd2 Bxe3 10. fxe3 Be6 11. Bb3 Bxb3 12. axb3 Nh7 13. d4 exd4 14. exd4 f6 15. Rfe1 Re8 16. d5 Ne5 17. Nxe5 fxe5 18. Rf1 Qe7 19. Ne2 Rf8 20. Qe1 a6 21. c4 Rxf1+ 22. Qxf1 Rf8 23. Qe1 Ng5 24. Ng3 Qf7 25. Qe3 Qf4 26. Qxf4 Rxf4 27. Rf1 Rxf1+ 28. Kxf1 Kf7 29. Kf2 g6 30. Ke3 Kf6 31. b4 Nf7 32. b5 Nd8 33. b4 axb5 34. cxb5 c6 35. b6 cxd5 36. exd5 Nf7 37. Ne2 h5 38. g4 hxg4 39. hxg4 Nh6 40. Kf3 Kg5 41. Ng1 Nxg4 42. Nh3+ Kf5 43. b5 Nf6 44. Nf2 Nxd5 45. Ne4 Nxb6 46. Nxd6+ Kf6 47. Nxb7 Nc4 48. Nc5 Kf5 49. Nd7 e4+ 50. Kf2 Kf4 51. b6 Nd6 52. Nc5 e3+ 53. Ke2 g5 54. b7 Nxb7 55. Nxb7 g4 56. Nc5 g3 57. Nd3+ Ke4 58. Ne1 Kf4 59. Ng2+ Kg4 60. Nxe3+ Kh3 61. Kf3 Kh2 62. Ke2 Kh1 63. Kf3 Kh2 1/2-1/2